00378nam a2200157Ia 4500008004100000020001800041082001700059100001600076245002500092250000700117260002500124300001500149500002500164650001400189700001700203230524s9999 xx 000 0 und d a9780070482937 a629.892bMIT aR.K.Mittal  0aRobotics and Control a22 aNew DelhibTMHc2013 a"XV,475p;" aQuantity Number: 51 aMechanics a I.J.Nagrath